Central Library OPAC University of Rajshahi

পদার্থবিদ্যা / (Record no. 70997)

MARC details
000 -LEADER
fixed length control field 01057nam a2200277 a 4500
001 - CONTROL NUMBER
control field 70997
003 - CONTROL NUMBER IDENTIFIER
rucl marc code BD-RjUL
005 - DATE AND TIME OF LATEST TRANSACTION
control field 20211209082051.0
008 - FIXED-LENGTH DATA ELEMENTS--GENERAL INFORMATION
fixed length control field 170423s1980 a|||| |||| 00| 0 ben d
020 ## - INTERNATIONAL STANDARD BOOK NUMBER
Terms of availability : TK 02.00
035 ## - SYSTEM CONTROL NUMBER
System control number (BD-RjUL)71211
040 ## - CATALOGING SOURCE
Original cataloging agency BD-RjUL
Language of cataloging ben
Transcribing agency BD-RjUL
041 ## - LANGUAGE CODE
Language code of text/sound track or separate title ben
082 ## - DEWEY DECIMAL CLASSIFICATION NUMBER
Edition number 23
Classification number 530
Author mark and year VOB 1980
100 1# - MAIN ENTRY--PERSONAL NAME
Personal name ভট্টাচার্য, চারুচন্দ্র
9 (RLIN) 166805
245 10 - TITLE STATEMENT
Title পদার্থবিদ্যা /
Statement of responsibility, etc. চারুচন্দ্র ভট্টাচার্য
260 ## - PUBLICATION, DISTRIBUTION, ETC. (IMPRINT)
Place of publication, distribution, etc. কলিকাতা :
Name of publisher, distributor, etc. বঙ্গীয় পরিষদ,
Date of publication, distribution, etc. ১৯৮০.
300 ## - PHYSICAL DESCRIPTION
Pagination খণ্ড. :
Illustrations চিত্র ;
Size ২৩ সেমি.
490 ## - SERIES STATEMENT
Series statement বিজ্ঞান প্রবেশ
500 ## - GENERAL NOTE
General note পদার্থ ও শক্তি , শব্দ
505 0# - FORMATTED CONTENTS NOTE
Formatted contents note খণ্ড ১ --
650 ## - SUBJECT ADDED ENTRY--TOPICAL TERM
Topical term or geographic name as entry element পদার্থবিজ্ঞান
9 (RLIN) 160173
Topical term or geographic name as entry element Physics
9 (RLIN) 160174
830 ## - SERIES ADDED ENTRY--UNIFORM TITLE
Uniform title বিজ্ঞান প্রবেশ
942 ## - ADDED ENTRY ELEMENTS (KOHA)
Source of classification or shelving scheme Dewey Decimal Classification
Koha item type Books
Holdings
Lost status Source of classification or shelving scheme Damaged status Not for loan Collection code Permanent Location Current Location Shelving location Date acquired Source of acquisition Cost, normal purchase price Total Checkouts Full call number Date last seen Copy number Koha item type
  Dewey Decimal Classification   Not For Loan Non-fiction Central Library, University of Rajshahi Central Library, University of Rajshahi Reading Room 05/04/1982 India Int. Cal 2.50   B 530 VOB V-1 1980 23/04/2017 C-1 Books